Movies Quiz

Random Movies Quiz

Step Brothers 2 Quiz Stats

 Plays Quiz not verified by Sporcle

Challenge
Share
Tweet
Embed
Score 0/20 Timer 10:00
0 Plays Today
Answer % Correct
night hawk
46.3%
dragon
43.9%
boats and hoes
26.8%
chewbacca
22%
This wedding is horseshit
22%
curly-headed ****
12.2%
pillowcase
9.8%
**** prison
9.8%
camel dicks
9.8%
Planet ****
7.3%
Answer % Correct
doritos
7.3%
mangina
7.3%
Oprah, Barbara Walters, your wife
4.9%
**** catalina wine mixer
4.9%
39
4.9%
nightvision goggles
4.9%
good house keeping
2.4%
salmon
2.4%
crossbows
2.4%
15
2.4%

You're not logged in!

Compare scores with friends on all Sporcle quizzes.
OR
Log In

You Might Also Like...

Show Comments

Extras

Created Nov 6, 2009ReportNominate
Tags:brother, step, Step Brothers

Top Quizzes Today


Score Distribution

Your Account Isn't Verified!

In order to create a playlist on Sporcle, you need to verify the email address you used during registration. Go to your Sporcle Settings to finish the process.

Report this User

Report this user for behavior that violates our Community Guidelines.

Details: